MANAŽMENT MARKETING VÝROBY A ODBYTU ZELENINY V PODMIENKACH SLOVENSKEJ REPUBLIKY

Bibliographic Details
Main Authors: Šimo, Dušan, 1940- (Author), Mura, Ladislav, 1979- (Author), Žufan, Pavel (Author)
Format: Article
Language:Slovak

MARC

LEADER 00000nab a2200000uu 4500
001 vtls011539243
003 SK-MaSNL
005 20260305004245.0
008 230222|2012 xo |||||||||||||||||slo|
015 |a SNBRB 
035 |a (urnnbn)urn:nbn:sk:snk:ar-a09q2k 
035 |a (uuid)7bbfa417-b650-4ee7-9c56-d5daac90c772 
035 |a urn:nbn:sk:snk-abexrf 
040 |a SNKBUCL  |b slo  |c SNKBUCL  |e AACR2 
041 0 |a slo 
044 |a xo  |c SK 
100 1 |a Šimo, Dušan,  |d 1940-  |4 aut  |9 115451 
245 1 0 |a MANAŽMENT MARKETING VÝROBY A ODBYTU ZELENINY V PODMIENKACH SLOVENSKEJ REPUBLIKY  |c Dušan Šimo, Ladislav Mura, Pavel Žufan 
246 3 |a MANAGEMENT MARKETING VEGETABLE PRODUCTION AND MARKETING IN THE SLOVAK REPUBLIC 
700 1 |a Mura, Ladislav,  |d 1979-  |4 aut  |9 216667 
700 1 |a Žufan, Pavel  |4 aut  |9 790206 
773 0 |t Acta oeconomica Universitatis Selye : vedecký recenzovaný časopis  |g Roč. 1, č. 2 (2012), s. 185-196 
954 |a odborná, vedecká literatúra pôvodná (slovenská)  |2 lita 
958 |a OND 
958 |a EUIPO 
958 |a article22 
999 |c 3234713  |d 3236643